Solid-phase combustion in a plane stress state. 2. Stability to small perturbations; Journal of Applied Mechanics and Technical Physics; Vol. 51, iss. 3

מידע ביבליוגרפי
Parent link:Journal of Applied Mechanics and Technical Physics: Scientific Journal
Vol. 51, iss. 3.— 2010.— [P. 317-323]
מחבר ראשי: Knyazeva A. G. Anna Georgievna
סיכום:Title screen
Stability of a plane reaction front in the solid phase to small perturbations under conditions of a generalized plane stress state is studied with allowance of the coupled character of heat transfer and deformation processes and possible changes in the reaction rate under the action of internal stresses without external mechanical loading. The problem is solved analytically by the method of perturbations. Conditions of the loss of stability of various conversion regimes in some limiting cases are studied for different technological and physical parameters.
Режим доступа: по договору с организацией-держателем ресурса
שפה:אנגלית
יצא לאור: 2010
נושאים:
גישה מקוונת:http://link.springer.com/article/10.1007/s10808-010-0043-9
פורמט: אלקטרוני Book Chapter
KOHA link:https://koha.lib.tpu.ru/cgi-bin/koha/opac-detail.pl?biblionumber=637924

MARC

LEADER 00000naa0a2200000 4500
001 637924
005 20250124110653.0
035 |a (RuTPU)RU\TPU\network\2116 
090 |a 637924 
100 |a 20141113d2010 k||y0rusy50 ba 
101 0 |a eng 
102 |a US 
135 |a drcn ---uucaa 
181 0 |a i  
182 0 |a b 
200 1 |a Solid-phase combustion in a plane stress state. 2. Stability to small perturbations  |f A. G. Knyazeva 
203 |a Text  |c electronic 
300 |a Title screen 
320 |a [References: p. 323 (6 tit.)] 
330 |a Stability of a plane reaction front in the solid phase to small perturbations under conditions of a generalized plane stress state is studied with allowance of the coupled character of heat transfer and deformation processes and possible changes in the reaction rate under the action of internal stresses without external mechanical loading. The problem is solved analytically by the method of perturbations. Conditions of the loss of stability of various conversion regimes in some limiting cases are studied for different technological and physical parameters. 
333 |a Режим доступа: по договору с организацией-держателем ресурса 
461 |t Journal of Applied Mechanics and Technical Physics  |o Scientific Journal 
463 |t Vol. 51, iss. 3  |v [P. 317-323]  |d 2010 
610 1 |a электронный ресурс 
610 1 |a труды учёных ТПУ 
700 1 |a Knyazeva  |b A. G.  |c Russian physicist  |c Professor of Tomsk Polytechnic University, doctor of physico-mathematical Sciences  |f 1962-  |g Anna Georgievna  |9 16597 
801 2 |a RU  |b 63413507  |c 20141113  |g RCR 
856 4 |u http://link.springer.com/article/10.1007/s10808-010-0043-9 
942 |c CF